Southville International School and Colleges
Your cart is empty.
  • Cart
  • Lists
    Public lists Eva Luna New books Lux_list list_1
    Your lists Log in to create your own lists
  • Log in to your account
  • Your cookies
  • Search history
Southville International School and Colleges
  • Advanced search
  • Recent comments
  • Most popular
  • Libraries

Log in to your account

Log in with GOOGLE


If you do not have an external account, but do have a local account, you can still log in:

  1. Home
  2. MARC view: Bedtime story /
Normal view MARC view ISBD view

Bedtime story / (Record no. 106126)

[ view plain ]
MARC details
000 -LEADER
fixed length control field 00582nam a2200181 a 4500
005 - DATE AND TIME OF LATEST TRANSACTION
control field 20140412111423.0
008 - FIXED-LENGTH DATA ELEMENTS--GENERAL INFORMATION
fixed length control field 080123s19uu xx 00 eng d
020 ## - INTERNATIONAL STANDARD BOOK NUMBER
International Standard Book Number 0-8167-0997-1
050 ## - LIBRARY OF CONGRESS CALL NUMBER
Classification number ER
Item number Be35 1988
100 ## - MAIN ENTRY--PERSONAL NAME
Personal name Greydanus, Rose
245 ## - TITLE STATEMENT
Title Bedtime story /
Statement of responsibility, etc Rose Greydanus.
260 ## - PUBLICATION, DISTRIBUTION, ETC. (IMPRINT)
Place of publication, distribution, etc N.J :
Name of publisher, distributor, etc Troll associates,
Date of publication, distribution, etc 1988.
440 ## - SERIES STATEMENT/ADDED ENTRY--TITLE
Title A first start easy reader
520 ## - SUMMARY, ETC.
Summary, etc Whwn his children claim they are not sleepy at bedtime, father finds an entertaining way to get them to bed.
650 ## - SUBJECT ADDED ENTRY--TOPICAL TERM
Topical term or geographic name as entry element Bedtime
General subdivision Fiction
650 ## - SUBJECT ADDED ENTRY--TOPICAL TERM
Topical term or geographic name as entry element Bears
General subdivision Fiction
Holdings
Withdrawn status Lost status Damaged status Home library Current library Shelving location Date acquired Source of acquisition Total Checkouts Full call number Barcode Date last seen Price effective from Koha item type
      Elizalde Library Elizalde Library Easy Reading Section 01/23/2008     ER Be35 1988 E11249 04/12/2014 04/12/2014 Books

Bedtime story /

APA

Greydanus R., . (1988). Bedtime story. N.J: Troll associates.

Chicago

Greydanus Rose, . 1988. Bedtime story. N.J: Troll associates.

Harvard

Greydanus R., . (1988). Bedtime story. N.J: Troll associates.

MLA

Greydanus Rose, . Bedtime story. N.J: Troll associates. 1988.

  • Place hold
  • Print
  • Cite
  • Add to your cart (remove)
  • Save record
    BIBTEX Dublin Core MARCXML MARC (non-Unicode/MARC-8) MARC (Unicode/UTF-8) MARC (Unicode/UTF-8, Standard) MODS (XML) RIS
  • More searches
    Search for this title in:
    Other Libraries (WorldCat) Other Databases (Google Scholar) Online Stores (Bookfinder.com) Open Library (openlibrary.org)

Exporting to Dublin Core...

SOUTHVILLE LIBRARY

Southville International School and Colleges Library

1281 Tropical Ave. Cor. Luxembourg St., BF Homes International, Las Pinas City

Tel. No. 8256374 / 252358 Loc. 117/146

Powered by Koha